| 000 | 00458nam a22001697a 4500 | ||
|---|---|---|---|
| 005 | 20240718110029.0 | ||
| 008 | 240718b |||||||| |||| 00| 0 eng d | ||
| 020 | _a9780764599453 | ||
| 082 |
_a745.593 _bLUD-T |
||
| 100 | _aLudens, Rebecca | ||
| 245 |
_aTeach Yourself VISUALLY Scrapbooking _cRebecca Ludens |
||
| 260 |
_aUSA: _bWiley; _c2006. |
||
| 300 |
_axiv, 288 p. : _bill; _c24 cm. |
||
| 500 | _ainclude index. | ||
| 650 | _aNetwoking | ||
| 999 |
_c36133 _d36133 |
||